Illustres demeures - Statistiques

Statistiques générales
  • Ce quiz a été pris 20 fois
  • Le résultat moyen est 4 sur 12
Statistiques - réponses
Par images Réponse % Correct
Château de Versailles
94%
Château de Chambord
81%
Palais de l'Alhambra/Palais Nasrides
50%
Palais de Buckingham
44%
Palais d'Hiver de Saint-Pétersbourg
44%
Château de Neuschwanstein
25%
Château de Balmoral
19%
Palais de Schönbrunn
19%
Château d'Anet
6%
Palais d'Été de Pékin
6%
Palais de Topkapi
6%
Palais royal d'Amsterdam
6%
Aucun quiz correspondant
Distribution des résultats
% des personnes avec chaque résultat
Percentile par nombre de réponses
Votre historique - résultats
Vous n’avez pas pris ce quiz